50 rokov Štátnej opery v obrazoch a dokumentoch : 1959-2009 /

Saved in:
Bibliographic Details
Main Author: Červená, Ľudmila (Author)
Format: Book
Language:Slovak
Published: Banská Bystrica : Štúdio HARMONY, 2009
Edition:[1. vyd.]
Subjects:
ISBN:9788089151240
Online Access: Get full text
Tags: Add Tag
No Tags, Be the first to tag this record!

MARC

LEADER 00000nam a2200000 4500
003 SK-BrCVT
005 20220621162813.0
008 100204s2009 xo e ||||||slo d
020 |a 9788089151240 
035 |a CVTIDW1518655 
040 |b slo  |a CVTI SR  |e AACR2 
041 0 |a slo 
044 |a xo 
080 |a 782.086(437.6)  |2 UDC-MRF 
080 |a 782(091)  |2 UDC-MRF 
080 |a 7.071.1  |2 UDC-MRF 
100 1 |a Červená, Ľudmila  |4 aut 
245 1 0 |a 50 rokov Štátnej opery v obrazoch a dokumentoch :  |b 1959-2009 /  |c Ľudmila Červená 
250 |a [1. vyd.] 
260 |a Banská Bystrica :  |b Štúdio HARMONY,  |c 2009 
300 |a 111 s. :  |b fotogr., lit., tab. ; 
500 |a Päťdesiat rokov Štátnej opery v obrazoch a dokumentoch 
653 1 |a štátna opera  |a spevohra  |a opereta  |a muzikál  |a balet  |a profesionálny umelec  |a operná speváčka 
910 |b A609762 
919 |a 978-80-89151-24-0 
974 |f Knihy 
992 |a APH 
999 |c 152497  |d 152497